000 01738cam a22003857i 4500
001 data
005 20260322212119.0
008 data
035 _a20658864
906 _a7
_bcbc
_ccopycat
_d2
_encip
_f20
_gy-gencatlg
925 0 _aacquire
_b1 shelf copy
_xpolicy default
010 _a 2018288409
020 _a9781465473608
_q(paperback)
020 _a1465473602
_q(paperback)
035 _a(OCoLC)1041709493
040 _aPNX
_beng
_cPNX
_erda
_dDLC
_dOI6
_dDAD
_dOCLCQ
_dGP5
_dOCLCF
_dT7R
_dDLC
042 _alccopycat
050 0 0 _aQA76
_b.H3929 2018
082 0 4 _a004
_223
245 0 0 _aHelp your kids with computer science :
_ba unique visual step-by-step guide to computers, coding, and communication.
250 _aFirst American edition.
264 1 _aNew York, New York :
_bDK,
_c2018.
300 _a256 pages :
_bcolor illustrations ;
_c23 cm
336 _atext
_btxt
_2rdacontent
337 _aunmediated
_bn
_2rdamedia
338 _avolume
_bnc
_2rdacarrier
500 _aIncludes index.
505 0 0 _tThe future of computers.
_tWhat is computer science? --
_tHardware --
_tComputational thinking --
_tData --
_tProgramming techniques --
_tProgramming languages --
_tNetworks --
_tWebsite and app construction --
_tDigital behaviors --
_tSocial media --
_tDigital issues --
_tThe future of computers.
520 _aOffers clear and straightforward information on computer science, covering such topics as hardware, software, coding languages, social media, and troubleshooting.
650 0 _aComputer science.
650 4 _aComputer science
_vPopular works.
650 7 _aComputer science.
_2fast
_0(OCoLC)fst00872451
710 2 _aDK Publishing, Inc.,
_eeditor.
999 _c1822
_d1822